| 000 | 00372nam a2200145Ia 4500 | ||
|---|---|---|---|
| 008 | 230917s9999||||xx |||||||||||||| ||und|| | ||
| 040 |
_e68876 _aMAIN |
||
| 041 | _aEnglish | ||
| 082 | _a301.04 D912S | ||
| 100 | _aDuncan, Hugh Dalziel | ||
| 245 | 0 | _aSymbols and social theory | |
| 260 |
_aNew York _bOxford University Press _c1969 |
||
| 300 | _axx, 314 p. | ||
| 942 | _cBK | ||
| 999 |
_c210501 _d210501 |
||